00460nam a22001577a 4500020002000000082001400020100001600034245004100050250000800091260003800099300000800137650001600145942000700161952011700168999001700285 a139788131513828 a305.8 RUB aRubin Allen aMethodology for Social Work Research a1st aNew DelhibCengage Learningc2010 a522 aSocial Work cBK 00104070aHMIbHMIcGENd2016-01-11eUSPDg995.00l2o305.8 RUBp25014r2020-02-03s2019-07-16w2026-01-16yBK c19930d19930